Statistics for Phobias

Click here to take the quiz!

General Stats

  • This quiz has been taken 14 times
  • The average score is 4 of 15

Answer Stats

Hint Phobia % Correct
ArachophobiaSpiders
83%
Social PhobiaSocial situations
75%
AerophobiaFlight
42%
NecrophobiaDeath
42%
CarcinophobiaCancer
25%
ClaustrophobiaTight spaces
17%
MonophobiaBeing alone
17%
CaulrophobiaClowns
17%
EntomophobiaBugs
17%
AgoraphobiaBeing trapped
8%
BrontophobiaThunderstorms
8%
OphidiophobiaSnakes
0%
MysophobiaGerms
0%
XenophobiaThe unknown
0%
SciophobiaShadows
0%

Score Distribution

Percentile by Number Answered

Percent of People with Each Score

Your Score History

You have not taken this quiz